000 00431nam a2200181Ia 4500
005 20240823051007.0
008 240823s9999||||xx |||||||||||||| ||und||
041 _aENGLISH
082 _A658.1 N4
100 _a"Zawaki, Freach Bell"
245 0 _aOrganisation Development
250 _a1st
260 _c1994
_b"UBS,New Delhi"
500 _aYES
650 _aManagement
_bManagement Studies
942 _cBK
999 _c218531
_d218531